Sanat: "Eläköön elämä" - Sonja Lumme - Statistics

Yleistilastot
  • Tätä visaa on pelattu 54 kertaa
  • Keskiarvotulos 124 / 164
Vastaustilastot
Hint Vastaus % Oikein
Eläköön
100%
elämä
100%
Ja
100%
ja
100%
tähti
100%
100%
tähtien
97%
94%
taivas
94%
tumma
94%
en
92%
isoisä
92%
lyö
92%
maa
92%
sielujen
92%
tähteä
92%
tähtiä
92%
vyö
92%
kertoi
89%
89%
Sitä
89%
sitä
89%
Jotta
86%
lapset
83%
maailman
83%
tarvitsee
83%
Josta
81%
josta
81%
sympatiaa
81%
ettei
78%
on
78%
saa
78%
Toivo
78%
katsella
75%
nää
75%
kanssani
72%
1. | 2. Kaupungissa
69%
silti
69%
Ei
61%
jää
61%
tähdet
58%
tuhannet
58%
tuikikkaan
58%
Ne
56%
kertovat
53%
kun
53%
Kun
53%
näin
53%
silmäsi
53%
taakse
53%
harmaiden
50%
täynnä
50%
Täynnä
50%
toivoa
50%
seisot
47%
tän
47%
harsojen
44%
jään
44%
jäin
44%
kanssasi
44%
edessäin
42%
sun
42%
pään
39%
pörröisen
39%
hyvän
36%
kainaloon
36%
kaverin
36%
olen
36%
onnellinen
36%
puistoon
36%
piiloon
33%
nään
31%
seuraasi
31%
työnnän
31%
tähtisilmäsi
28%
tänne
28%
kertovan
11%
Ehtoja vastaavia visoja ei löytynyt
Tulosjakauma
Jokaisen tuloksen saaneiden osuus
Persentiili vastausten määrän mukaan
Tuloshistoriasi
Et ole pelannut tätä visaa